000 00694nam a2200181Ia 4500
003 GCL
008 140319s9999 xx 000 0 ara d
040 _aGCL /
_cGCL
082 0 4 _a210.92
_bج ن
100 1 _aجامعة عين شمس
245 1 0 _aندوة ابىالحسن الماوردى ( 364 - 450 هـ ) - (974 -1058 م ) :
_bالاحتفال بمرور الف عام على مولد ابى الحسن الماوردى من (22-27 نوفمبر 1975) /
_cجامعة عين شمس
300 _aمتعدد ؛
_c31 سم
490 _a
650 0 4 _aعلماء الاسلام
650 0 4 _aالاسلام - ندوات
650 0 4 _aابىالحسن الماوردى
942 _2ddc
_cBK
999 _c39404
_d39404